000 01333cam a2200385 i 4500
001 43207
003 KOSZ 005
005 20221202120024.0
008 001129s2000 pl a |001 0 pol
015 _aPB 2000/22558
020 _a8385428593
040 _aWA N
_cWA N
_dKOSZ 005/HR
046 _k2000
080 _a339.138
100 1 _aSztucki, Tadeusz
_d(1919-2001)
_eAutor
245 1 0 _aMarketing przedsiębiorcy i menedżera /
_cTadeusz Sztucki.
250 _aWyd. 2.
260 _aWarszawa :
_b"Placet",
_c2000.
300 _a356, [4] s. :
_bil. ;
_c24 cm.
336 _2rdacontent
_aTekst
_btxt
337 _2rdamedia
_aBez urządzenia pośredniczącego
_bn
338 _2rdacarrier
_aWolumin
_bnc
380 _aKsiążki
388 _a1901-2000
388 _a1989-2000
490 1 _aBiblioteka Biznesmena.
500 _aNa okł. podtyt.: rynek-marketing-nabywca, strategie marketingowe, marketingowa organizacja przedsiębiorstwa - badania marketingowe, marketing międzynarodowy.
504 _aIndeks.
650 4 _aMarketing
658 _aZarządzanie i marketing
710 2 _aWydawnictwo Placet
_4pbl
830 0 _aBiblioteka Biznesmena
856 _uhttp://koha.tu.koszalin.pl/cgi-bin/koha/opac-detail.pl?biblionumber=43207
_yKatalog online BPK
942 _2UKD
_cKS
999 _c43207
_d43207